Learning to think strategically / (Record no. 356158)
[ view plain ]
| 000 -LEADER | |
|---|---|
| fixed length control field | 00351nam a2200133Ia 4500 |
| 008 - FIXED-LENGTH DATA ELEMENTS--GENERAL INFORMATION | |
| fixed length control field | 180309s9999 xx 000 0 und d |
| 020 ## - INTERNATIONAL STANDARD BOOK NUMBER | |
| International Standard Book Number | 9781138684768 |
| 100 ## - MAIN ENTRY--PERSONAL NAME | |
| Personal name | Sloan, Julia |
| 245 ## - TITLE STATEMENT | |
| Title | Learning to think strategically / |
| 250 ## - EDITION STATEMENT | |
| Edition statement | 3rd ed |
| 260 ## - PUBLICATION, DISTRIBUTION, ETC. (IMPRINT) | |
| Place of publication, distribution, etc | new York : |
| Name of publisher, distributor, etc | 2017 |
| Date of publication, distribution, etc | Routledge |
| 300 ## - PHYSICAL DESCRIPTION | |
| Extent | v, 285 pages |
| 650 ## - SUBJECT ADDED ENTRY--TOPICAL TERM | |
| Topical term or geographic name as entry element | Strategic Planning. |
| Withdrawn status | Lost status | Damaged status | Home library | Current library | Shelving location | Date acquired | Source of acquisition | Total Checkouts | Full call number | Barcode | Date last seen | Price effective from | Koha item type |
|---|---|---|---|---|---|---|---|---|---|---|---|---|---|
| College Library | College Library | Reserve Section | 03/13/2018 | Library Fund | HD 30.28 .Sl634 2017 | C21390 | 05/15/2018 | 03/13/2018 | Books |